| 000 | 00817nam a2200241 a 4500 | ||
|---|---|---|---|
| 001 | BRCA_3533 | ||
| 005 | 20190320204325.0 | ||
| 008 | 280709s1847----uk #---###---#000-0#eng-# | ||
| 041 | _aeng | ||
| 044 | _aUk | ||
| 050 | 4 |
_aF1213 _b.G55 1847 |
|
| 100 | 1 |
_aGilliam, Albert M. _94785 |
|
| 245 | 1 | 0 |
_aTravels in Mexico, during the years 1843 and 44 ; including a descripción of California, the principal cities and mining districts of that republic ; the oregon territory, etc. _cby Albert M. Gilliam. |
| 260 |
_aAberdeen _bG. Clark and son _c1847 |
||
| 300 |
_a312 p. _c20 cm. |
||
| 500 | _aIncluye apéndice | ||
| 500 | _aB199 | ||
| 650 | 1 | 4 |
_aViajeros estadounidenses _97583 |
| 651 | 4 |
_aMéxico _xDescripción y viajes _9103 |
|
| 651 | 4 |
_aOregón _xDescripción y viajes _99171 |
|
| 902 | _aGFM | ||
| 942 |
_2lcc _cB |
||
| 999 |
_c3268 _d3268 |
||